Differential systems and isometric embeddings
Αποθηκεύτηκε σε:
| Κύριος συγγραφέας: | |
|---|---|
| Άλλοι συγγραφείς: | |
| Μορφή: | Βιβλίο |
| Γλώσσα: | English |
| Δημοσίευση: |
Princeton, N.J. :
Princeton University Press,
1987
|
| Σειρά: | William H. Roever lectures in geometry
Annals of mathematics studies ; ; 114 |
| Θέματα: | |
| Ετικέτες: |
Προσθήκη ετικέτας
Δεν υπάρχουν, Καταχωρήστε ετικέτα πρώτοι!
|
MARC
| LEADER | 00000cam a2200000 i 4500 | ||
|---|---|---|---|
| 001 | 1/41504 | ||
| 008 | 941103s1987 eng d | ||
| 020 | |a 0691084297 |c $35.00 | ||
| 020 | |a 0691084300 |c $15.00 | ||
| 035 | |l 10041527 | ||
| 040 | |a GR-MY-UA |b gre |e aacr | ||
| 041 | 0 | |a eng | |
| 082 | 0 | |a 515.353 |2 (19) | |
| 100 | 1 | |a Griffiths, Phillip |d 1938- | |
| 245 | 1 | 0 | |a Differential systems and isometric embeddings / |c by Phillip A. Griffiths and Gary R. Jensen |
| 260 | |a Princeton, N.J. : |b Princeton University Press, |c 1987 | ||
| 300 | |a 225 p., [1] leaf of plates; |b port.; |c 25 cm | ||
| 490 | 1 | |a William H. Roever lectures in geometry | |
| 490 | 1 | |a Annals of mathematics studies |v ; 114 | |
| 500 | |a Includes index | ||
| 504 | |a Bibliography: p. 213-217 | ||
| 650 | 0 | 0 | |a Exterior differential systems. |
| 650 | 0 | 0 | |a Differential equations, Partial. |
| 650 | 0 | 0 | |a Embeddings (Mathematics) |
| 650 | 0 | 0 | |a Riemannian manifolds. |
| 700 | 1 | |a Jensen, Gary R. |d 1941- | |
| 830 | 0 | |a William H. Roever lectures in geometry | |
| 830 | 0 | |a Annals of mathematics studies ; |v ; 114 | |
| 852 | |a INST |b SAMOS |e 19941103 |h 515.353 GRI |p 005300002844 |q 005300002844 |t BK |y 0 | ||
| 909 | |a Σ |b 029648 | ||